MARC보기
LDR00000nam c2200205 c 4500
001000000201420
00520250807104440
007ta
008150504s2015 ulk r 000a kor
020 ▼a 9788986698824 ▼g 03300 : ▼c \20000
040 ▼a 248032 ▼c 248032 ▼d 248032
0411 ▼a kor ▼h eng
0490 ▼l EM91592 ▼l EM111186 ▼c 2 ▼l EM111187 ▼c 3
056 ▼a 331.4 ▼2 4
090 ▼a 331.4 ▼b 리897ㅇ3
24520 ▼a 엔트로피 / ▼d 제레미 리프킨 지음; ▼e 이창희 옮김
24619 ▼a Entropy
250 ▼a 3판[원서 2판]
260 ▼a 서울 : ▼b 세종연구원, ▼c 2015
300 ▼a 351 p. ; ▼c 24 cm
500 ▼a 원저자명: Jeremy Rifkin
546 ▼a 영어 원작을 한국어로 번역
653 ▼a 엔트로피 ▼a 과학 ▼a 교양과학 ▼a 사회변동
7001 ▼a 리프킨, 제레미, ▼e 저
7001 ▼a 이창희, ▼e 역
90011 ▼a Rifkin, Jeremy
9500 ▼b \20000
990 ▼a 관리자3 ▼b 관리자3 ▼b 관리자2